| 000 | 00453 a2200109 4500 | ||
|---|---|---|---|
| 001 | ART_58909 | ||
| 005 | 20260410162051.0 | ||
| 008 | 260409a | ||
| 245 | 1 | 0 | _aFiscalidad internacional del desarrollo de software y actividades vinculadas. La difícil situación del profesional / técnico argentino frente a la alta tentación de la plaza uruguaya |
| 100 | 1 | _aCarbone, Sergio | |
| 773 | 0 |
_tImpuestos _g- N° 152 (jul. 2023) _wREV45175 |
|
| 999 |
_c35796 _d35796 |
||